000 00831nam a2200265 i 4500
001 146221
003 ES-MaACL
005 20230906201445.0
007 t|
008 070905s1985 sp ||||1| spa d
020 _a84-7580-226-5
080 _a323.17(4)
080 _a342.24/.25(4)
100 1 _aTorres Murillo, José Luis.
_9110990
245 1 3 _aLa Europa de las autonomías /
_cJosé Luis Torres Murillo.
260 _a[San Sebastián] :
_bCaja de Ahorros Provincial de Guipúzcoa,
_c1985.
300 _a332 p. ;
_c20 cm.
490 1 _aDocumento ;
_v36
650 _aRegionalismo-
_zEuropa.
_916752
650 _aDescentralización administrativa.
_911820
710 2 _aCaja de Ahorros Provincial de Guipúzcoa.
_92306
830 1 _aDocumento ;
_v36
_9177347
852 _aES-MaACL
_jL-11535
999 _c146221
_d146221